<?xml version="1.0" encoding="UTF-8"?><?xml-stylesheet type="text/xsl" href="static/style.xsl"?><OAI-PMH xmlns="http://www.openarchives.org/OAI/2.0/" xmlns:xsi="http://www.w3.org/2001/XMLSchema-instance" xsi:schemaLocation="http://www.openarchives.org/OAI/2.0/ http://www.openarchives.org/OAI/2.0/OAI-PMH.xsd"><responseDate>2026-04-17T08:03:26Z</responseDate><request verb="GetRecord" identifier="oai:www.recercat.cat:2117/113620" metadataPrefix="marc">https://recercat.cat/oai/request</request><GetRecord><record><header><identifier>oai:recercat.cat:2117/113620</identifier><datestamp>2025-07-22T23:54:11Z</datestamp><setSpec>com_2072_1033</setSpec><setSpec>col_2072_452951</setSpec></header><metadata><record xmlns="http://www.loc.gov/MARC21/slim" xmlns:dcterms="http://purl.org/dc/terms/" xmlns:xsi="http://www.w3.org/2001/XMLSchema-instance" xmlns:doc="http://www.lyncode.com/xoai" xsi:schemaLocation="http://www.loc.gov/MARC21/slim http://www.loc.gov/standards/marcxml/schema/MARC21slim.xsd">
   <leader>00925njm 22002777a 4500</leader>
   <datafield ind2=" " ind1=" " tag="042">
      <subfield code="a">dc</subfield>
   </datafield>
   <datafield ind2=" " ind1=" " tag="720">
      <subfield code="a">Fernández Pawlukojc, Alex</subfield>
      <subfield code="e">author</subfield>
   </datafield>
   <datafield ind2=" " ind1=" " tag="260">
      <subfield code="c">2017</subfield>
   </datafield>
   <datafield ind2=" " ind1=" " tag="520">
      <subfield code="a">As of late, there has been a growing interest in the field of "data-mining" which involves,&#xd;
among other things, the processment of massive amounts of data for a higher purpose. The&#xd;
result of such processes usually allows for the assessment of interesting variables concerning&#xd;
huge pools of population, like trending fads or the development of political currents. One such&#xd;
pool is Reddit, a web content aggregator service which has been gaining popularity around&#xd;
the world over the last few years. A statistical analysis has been performed, focused on the&#xd;
titles that people gave to the most popular content published in Reddit within two specific&#xd;
timeframes: 2013 and 2016, both in August. The results show interesting patterns regarding&#xd;
the most popular words and combinations of words, which points towards promising results&#xd;
should further investigation be undertaken.</subfield>
   </datafield>
   <datafield tag="653" ind2=" " ind1=" ">
      <subfield code="a">Àrees temàtiques de la UPC::Informàtica::Sistemes d'informació</subfield>
   </datafield>
   <datafield tag="653" ind2=" " ind1=" ">
      <subfield code="a">Data mining</subfield>
   </datafield>
   <datafield tag="653" ind2=" " ind1=" ">
      <subfield code="a">Text Mining</subfield>
   </datafield>
   <datafield tag="653" ind2=" " ind1=" ">
      <subfield code="a">Mineria de dades</subfield>
   </datafield>
   <datafield ind2="0" ind1="0" tag="245">
      <subfield code="a">Text Mining Reddit's Top Posts: The Potential Information In Internet-Based Communities</subfield>
   </datafield>
</record></metadata></record></GetRecord></OAI-PMH>